|
|
|
|
| LEADER |
00000nam0a2200000 4500 |
| 001 |
358379 |
| 005 |
20231102011104.0 |
| 035 |
|
|
|a (RuTPU)RU\TPU\retro\15647
|
| 090 |
|
|
|a 358379
|
| 100 |
|
|
|a 20200817d1903 km y0rusy50 ca
|
| 101 |
1 |
|
|a rus
|c eng
|
| 102 |
|
|
|a RU
|
| 105 |
|
|
|a y z 101zy
|
| 200 |
1 |
|
|a Новейшие взгляды на вещество: осуществление мечты
|e речь на общем собрании Международного съезда технической химии в Берлине 5 июня 1903 года
|e отдельные оттиски
|e пер. с англ.
|f У. Крукс
|g пер. А. М. Настюкова
|
| 210 |
|
|
|a Санкт-Петербург
|c [Б. и.]
|d 1903
|
| 215 |
|
|
|a 19 с.
|
| 225 |
1 |
|
|a Записки Императорского Русского Технического Общества
|v Август 1903 года
|
| 300 |
|
|
|a Текст в русской дореформенной орфографии
|
| 320 |
|
|
|a Библиография в тексте
|
| 606 |
1 |
|
|a Химические вещества
|x Строение
|2 stltpush
|3 (RuTPU)RU\TPU\subj\17211
|9 42994
|
| 610 |
1 |
|
|a съезды
|
| 610 |
1 |
|
|a речи
|
| 610 |
1 |
|
|a химические явления
|
| 610 |
1 |
|
|a радий
|
| 610 |
1 |
|
|a заряженные частицы
|
| 610 |
1 |
|
|a ионизирующие излучения
|
| 610 |
1 |
|
|a электрические заряды
|
| 610 |
1 |
|
|a атомы
|
| 610 |
1 |
|
|a библиотека А. Э. Сабека
|
| 675 |
|
|
|a 544.1(063)
|v 4
|
| 700 |
|
1 |
|a Крукс
|b У.
|c английский химик и физик
|c член (1863) и президент (1913-15) Лондонского королевского общества
|f 1832-1919
|g Уильям
|2 stltpush
|3 (RuTPU)RU\TPU\pers\19056
|9 7177
|
| 702 |
|
1 |
|a Настюков
|b А. М.
|4 730
|
| 801 |
|
1 |
|a RU
|b 63413507
|c 20200817
|
| 801 |
|
2 |
|a RU
|b 63413507
|c 20201111
|g RCR
|
| 942 |
|
|
|c BK
|